000 00356nam a2200133Ia 4500
005 20260328101518.0
008 260328s9999||||xx |||||||||||||| ||und||
100 _aBraga, Milton
245 0 _aO Concurso de Brasilia :
_b Sete projetos para uma capital /
_cMilton Braga
260 _bCosac Naify
300 _a284 p.
650 _aDISEÑO URBANO
942 _cBK
999 _c9481
_d9481